00397 2200157 4500245004600000020002200046250001100068100001900079650002100098005001900119260003700138041001400175084001000189300003100199336000900230 aKreasi Lipat KertascIzzul FitriyahhText a978-602-252-909-5 aCet. 1 aIzzul Fitriyah aKerajinan Kertas a20230109101216 aJakartabErlangga for Kidsc2017 aIndonesia a372.5 a52 hlm. :bilus. ;c26 cm. atext